02987naa a2200193 a 450000100080000000500110000800800410001910000170006024501640007726000090024152023090025065300160255965300140257565300160258965300130260570000160261870000210263477301380265511291622019-11-28 2019 bl uuuu u00u1 u #d1 aSILVA, B. C. aDESEMPENHO ZOOT??CNICO DE DIFERENTES SUBPOPULA????ES DE TIL??PIA-DO-NILO, GIFT-EPAGRI, EM DIFERENTES FASES DO CULTIVO EM SANTA CATARINA.h[electronic resource] c2019 aFrente ??s necessidades da tilapicultura catarinense, a Epagri iniciou em 2011 um programa de melhoramento gen??tico de til??pia-do-nilo Oreochromis niloticus (Linnaeus, 1758) com o objetivo de fornecer matrizes mais adaptadas ao clima do estado, isto ??, subtropical. Neste estudo, avaliamos o desempenho da prole de sete subpopula????es (S1 a S7) de animais selecionados na 3?? gera????o da linhagem GIFT-Epagri para peso final, tendo esse processo de sele????o ocorrido ao longo de um per??odo de outono e inverno (temperatura m??dia de 20 ??C, variando de 12 a 25 ??C). A avalia????o do desempenho na fase de alevinagem se deu no outono de 2018 (mai-jun), enquanto que a recria e a engorda ocorreram durante o inverno (jun-out) e ver??o e outono (dez/18 a mai/19), respectivamente. As fases de alevinagem e recria foram realizadas em sete tanques-rede de 1m?? instalados em um viveiro de 300m?? (um tanque-rede para cada grupo), povoando 600 e 100 animais por tanque-rede nas fases de alevinagem e recria, nesta ordem. J?? para engorda foram amostrados vinte animais por grupo (93,7??6,2g), e estes marcados individualmente com transponder magn??tico, totalizando 140 til??pias povoadas em um viveiro de 50m?? e cultivadas por 180 dias. A temperatura da ??gua durante a alevinagem apresentou m??dia de 19,5 (16 a 23,6 ??C); na recria, 18,1 ??C (13,2 a 23,3 ??C) e durante a engorda 24,9 (17,4 a 33,2 ??C). Durante a alevinagem e recria em baixas temperaturas, destacaram-se as subpopula????es S2, S3, S6 e S7, com maior peso final. A maior sobreviv??ncia durante a alevinagem foi obtida por S3, e durante a recria por S4, S5 e S6. De outra forma, n??o foram observadas diferen??as significativas no peso final e na sobreviv??ncia das subpopula????es durante a fase de engorda (90 a 800 g) que, por sua vez, ocorreu em um per??odo com temperaturas mais elevadas. Nesta fase, S1 apresentou rendimento de fil?? superior ??s demais subpopula????es, com exce????o de S5 e S7 (Tabela 1). Conclui-se que as proles das til??pias da 3?? gera????o de GIFT-Epagri apresentam diferentes desempenhos durante a alevinagem e recria em baixas temperaturas. Al??m disso, foi poss??vel observar que a prole do grupo S1 possui maior potencial de rendimento de fil??, em rela????o ??s demais subpopula????es do programa. acrescimento agen??tica atemperatura aTil??pia1 aMASSAGO, H.1 aMARCHIORI, N. C. tIn: FEIRA INTERNACIONAL DE SERVI??OS E PRODUTOS PARA AQUICULTURA, 16., 2019, Natal, RN. Resumos... Natal, RN: ABCC, 2019. p. 104-105.